| 000 | 00775 a2200193 4500 | ||
|---|---|---|---|
| 020 | _a0679602550 (alk. paper) | ||
| 040 |
_aDLC _bDLC |
||
| 082 | 0 | 0 | _a823.8 HUG |
| 100 | 1 | _aHugo, Victor, | |
| 245 | 1 | 4 |
_aThe hunchback of Notre-Dame _cVictor Hugo. |
| 260 |
_aNew York : _bThe Penguin Group, _c1965. |
||
| 300 |
_a501 p. ; _c22 cm. |
||
| 651 | 0 |
_aFrance _xHistory _yLouis XI, 1461-1483 _xFiction. |
|
| 651 | 0 |
_aParis (France) _xHistory _yTo 1515 _xFiction. |
|
| 856 | 4 | 2 |
_3Contributor biographical information _uhttp://www.loc.gov/catdir/bios/random057/96033136.html |
| 856 | 4 | 2 |
_3Sample text _uhttp://www.loc.gov/catdir/samples/random044/96033136.html |
| 856 | 4 | 2 |
_3Publisher description _uhttp://www.loc.gov/catdir/description/random0412/96033136.html |
| 942 |
_cBK _k823.8 HUG _2ddc |
||
| 999 |
_c10567 _d10567 |
||